000 00403pab a2200145 454500
008 180718b1989 xxu||||| |||| 00| 0 eng d
100 _aDirlik, Arif
245 _aPost socialism P. reflection on "socialism with Chinese characteristics"
260 _c1989
300 _a33-44
362 _aJan.-Mar.
650 _aSocialism - China
773 _aBulletin of Concerned Asian Scholars
909 _a18852
999 _c18852
_d18852